000
00209nam a22000977a 4500
999
_c
15810
_d
15810
003
OSt
008
191021b ||||| |||| 00| 0 eng d
100
_a
Surendran,K.
_9
4311
245
_a
Paluku pathram
942
_c
BK